00537nam a22001697a 4500003000200000005001700002008004100019020002200060050002500082100001900107245005200126250001800178260006900196300002800265504005200293650002200345020240918163904.0240918b xxu||||| |||| 00| 0 eng d a978-81-19920-83-9 a RA 793.5b.G36 2024 aGandhi, Gaurav aMedical tourismbglobal outlookcGaurav Gandhi  aFirst edition aNew Delhi, India bVenus Books Publishers and Distributorsc2024 axi, 276 pages ; c25cm. aIncludes bibliographical references and index.  aMedical tourism.